Hematología pediátrica / (Registro nro. 3091)

Detalles MARC
000 -LEADER
campo de control de longitud fija 01199cam a2200373 4500
001 - NÚMERO DE CONTROL
campo de control 3091
003 - IDENTIFICADOR DE NÚMERO DE CONTROL
campo de control HMS
005 - FECHA Y HORA DE LA ÚLTIMA TRANSACCIÓN
campo de control 20251223111514.0
008 - DATOS DE LONGITUD FIJA--INFORMACIÓN GENERAL
campo de control de longitud fija 721107s1972 moua b 001 0 eng
010 ## - NÚMERO DE CONTROL DE LA BIBLIOTECA DEL CONGRESO
Número de control de LC 70189079
020 ## - NÚMERO INTERNACIONAL ESTÁNDAR DEL LIBRO
Número Internacional Estándar del Libro 0801646901
020 ## - NÚMERO INTERNACIONAL ESTÁNDAR DEL LIBRO
Número Internacional Estándar del Libro 9780801646904
020 ## - NÚMERO INTERNACIONAL ESTÁNDAR DEL LIBRO
Número Internacional Estándar del Libro 8434513463
035 ## - NÚMERO DE CONTROL DEL SISTEMA
Número de control de sistema 1710264
040 ## - FUENTE DE CATALOGACIÓN
Centro catalogador/agencia de origen hms
Centro/agencia transcriptor hms
Centro/agencia modificador hms
Lengua de catalogación spa
050 04 - SIGNATURA TOPOGRÁFICA DE LA BIBLIOTECA DEL CONGRESO
Número de clasificación WS300 S644
082 00 - NÚMERO DE LA CLASIFICACIÓN DECIMAL DEWEY
Número de clasificación 618.9/21/5
100 1# - ENTRADA PRINCIPAL--NOMBRE DE PERSONA
Nombre de persona Smith, Carl H.
Forma completa/desarrollada del nombre (Carl Henry),
Fechas asociadas al nombre 1895-
9 (RLIN) 5152
245 10 - MENCIÓN DEL TÍTULO
Título Hematología pediátrica /
Mención de responsabilidad, etc. Carl H. Smith. With the editorial assistance of Denis R. Miller.
Medio [libro]
246 30 - FORMA VARIANTE DEL TITULO
Título propio/Titulo breve Blood diseases of infancy and childhood
250 ## - MENCION DE EDICION
Mención de edición 2ª edición
260 ## - PUBLICACIÓN, DISTRIBUCIÓN, ETC.
Lugar de publicación, distribución, etc. Madrid, España :
Nombre del editor, distribuidor, etc. Salvat Editores,
Fecha de publicación, distribución, etc. 1975.
300 ## - DESCRIPCIÓN FÍSICA
Extensión xix, 885 páginas :
Otras características físicas illus.
Dimensiones 27 cm.
336 ## - TIPO DE CONTENIDO
Término de tipo de contenido text
Código de tipo de contenido txt
Fuente rdacontent
337 ## - TIPO DE MEDIO
Nombre/término del tipo de medio unmediated
Código del tipo de medio n
Fuente rdamedia
338 ## - TIPO DE SOPORTE
Nombre/término del tipo de soporte volume
Código del tipo de soporte nc
Fuente rdacarrier
500 ## - NOTA GENERAL
Nota general Edited after the author's death by D. R. Miller.
500 ## - NOTA GENERAL
Nota general Incluye índice
504 ## - NOTA DE BIBLIOGRAFÍA, ETC.
Nota de bibliografía, etc. Includes bibliographies.
650 #0 - PUNTO DE ACCESO ADICIONAL DE MATERIA--TÉRMINO DE MATERIA
Término de materia o nombre geográfico como elemento de entrada Pediatric hematology.
9 (RLIN) 5153
650 #0 - PUNTO DE ACCESO ADICIONAL DE MATERIA--TÉRMINO DE MATERIA
Fuente del encabezamiento o término Hematología pediátrica
700 1# - ENTRADA AGREGADA--NOMBRE PERSONAL
Nombre de persona Miller, Denis R.,
Fechas asociadas al nombre 1934-
Término indicativo de función/relación ed.
9 (RLIN) 5154
942 ## - ELEMENTOS DE ENTRADA SECUNDARIOS (KOHA)
Fuente del sistema de clasificación o colocación The National Library of Medicine
Tipo de ítem Koha Colección Médica
Suprimir en OPAC No
Existencias
Estatus retirado Estado de pérdida Fuente del sistema de clasificación o colocación Estado de daño No para préstamo Colección Biblioteca de origen Biblioteca actual Ubicación en estantería Fecha de adquisición Número de inventario Total de préstamos Signatura topográfica completa Código de barras Visto por última vez Copia número Precio de reemplazo Tipo de ítem Koha
    The National Library of Medicine     Colección Reserva Biblioteca Hospital Militar de Santiago Biblioteca Hospital Militar de Santiago Full Space 23/12/2025 000771   WS300 S644 2ªed 1975 000771 23/12/2025 c.1 23/12/2025 Colección Médica


Biblioteca Hospital Militar de Santiago / Av. Alcalde Fernando Castillo Velasco 9100
Teléfono: 22 331 7229 / E-mail: biblioteca@hms.cl
Horarios de Atención
Lunes a Viernes de: 08:00 a 13:00 hrs / 14:00 a 17:00 hrs